Ancient Greek Gods - Statistics

General Stats
  • This quiz has been taken 440 times
  • The average score is 12 of 14
Answer Stats
Description God % Correct
Lord of the Sky Zeus
99%
Ruler of the Underworld Hades
98%
Lord of the Water Poseidon
96%
Goddess of Warfare and Wisdom Athena
95%
Goddess of Love Aphrodite
93%
God of War Ares
92%
God of Messages Hermes
90%
Goddess of the Hunt Artemis
85%
God of Wine Dionysus
83%
Goddess of Marriage and Family Hera
83%
God of Archery Apollo
82%
Goddess of Agriculture Demeter
76%
God of Blacksmiths Hephaestus
70%
Goddess of the Hearth Hestia
68%
No matching quizzes found
Score Distribution
Percent of People with Each Score
Percentile by Number Answered
Your Score History
You have not taken this quiz